Hasta no verte Jesús mío (Registro nro. 78390)

Detalles MARC
000 -ENCABEZADO
Número de control [NR] 00689nam a2200205Ia 4500
008 - DE LONGITUD FIJA DE DATOS DE ELEMENTOS - INFORMACIÓN GENERAL
Elementos de longitud fija [NR] 130821s1994 mx gr spa
020 ## - NUMERO INTERNACIONAL NORMALIZADO PARA LIBROS [R]
Número Internacional Normalizado del libro [NR] 84 206 3133 7
040 ## - FUENTE DE CATALOGACION [NR]
Agencia de catalogación original [NR] Co-BoUCM
Idioma de catalogación [NR] spa
041 00 - CODIGO DE IDIOMA [R]
Código de idioma para texto/pista de sonido o título separado [R] Español
100 1# - ASIENTO PRINCIPAL--NOMBRE PERSONAL [NR]
Nombre personal [NR] Poniatowska, Elena
Fechas asociadas con el nombre [NR] 1933-
ID Autoridad 123451
245 10 - MENCION DE TITULO [NR]
Título [NR] Hasta no verte Jesús mío
Mención de responsabilidad, etc. [NR] Elena Poniatowska
260 ## - PUBLICACION, DISTRIBUCION, ETC. (PIE DE IMPRENTA) [R]
Lugar de publicación, distribución, etc. [R] México D.F. (México)
Nombre del editor, distribuidor, etc. [R] Ediciones Era ; Madrid : Alianza Editorial
Fecha de publicación, distribución, etc. [R] 1994
300 ## - DESCRIPCION FISICA [R]
Extensión [R] 304 páginas
490 #0 - MENCION DE SERIE [R]
Mención de serie [R] Alianza tres / Era
650 ## - ASIENTO SECUNDARIO DE MATERIA - TERMINO TEMATICO [R]
Término temático o nombre geográfico como elemento de entrada [NR] Literatura latinoamericana
9 (RLIN) 18700
650 ## - ASIENTO SECUNDARIO DE MATERIA - TERMINO TEMATICO [R]
Término temático o nombre geográfico como elemento de entrada [NR] Literatura mexicana
9 (RLIN) 18708
650 ## - ASIENTO SECUNDARIO DE MATERIA - TERMINO TEMATICO [R]
Término temático o nombre geográfico como elemento de entrada [NR] Novela mexicana
9 (RLIN) 20547
942 ## - ELEMENTOS DE ENTRADA AGREGADOS (KOHA)
Tipo de ítem principal el descrito en 300a Libro
Tema principal Literatura
Edición 1
Prefijo de la signatura top. (colección) Literatura - México
Parte restante de la signatura top. P797h
Sistema de clasificación DEWEY
Clasificación 863.44
Existencias
Fecha de último préstamo Signatura topográfica Código de barras Última vez visto Ejemplar Price effective from Tipo de ítem Perdido Sistema de clasificación Dañado No prestable Tipo de ítem específico Suprimido Ubicación habitual Ubicación actual Localización Fecha de creación Forma de adquisición Costo
20/01/2012 M 863.44 P797h 100118389 01/12/2025 Ej.1 03/02/2013 Libro   DEWEY     Libro   Fundación Cardioinfantil Fundación Cardioinfantil 1er piso 30/09/2012 Donación 26000.00